| Tag |
First Indicator |
Second Indicator |
Subfields |
| LEADER |
00000cas a2200000 a 4500 |
| 001 |
in00001992521 |
| 005 |
20151031112524.0 |
| 006 |
m d |
| 007 |
cr mn--------- |
| 008 |
031217c19649999bl qr pss 0 0por d |
| 010 |
|
|
|a 2004263207
|
| 022 |
|
|
|a 1678-4219
|y 0004-2803
|
| 035 |
|
|
|a (OCoLC)ocm53922577
|
| 037 |
|
|
|b Arquivos de gastroenterologia, Rua Dr. Seng, 320, 01331-020 Saõ Paulo SP Brasil
|
| 040 |
|
|
|a IWA
|c IWA
|d OCLCQ
|d YUH
|d TXA
|d UtOrBLW
|
| 041 |
0 |
|
|a por
|a eng
|
| 042 |
|
|
|a lcd
|
| 049 |
|
|
|a TXAM
|
| 050 |
1 |
4 |
|a RC799
|b .A77 Electronic
|
| 130 |
0 |
|
|a Arquivos de gastroenterologia (Online)
|
| 245 |
1 |
0 |
|a Arquivos de gastroenterologia.
|
| 246 |
1 |
|
|i Journal hompage has English title:
|a Archives of gastroenterology
|
| 264 |
|
1 |
|a Saõ Paulo :
|b Instituto Brasileira de Estudos e Pesquisas de Gastroenterologia.
|
| 310 |
|
|
|a Quarterly
|
| 336 |
|
|
|a text
|b txt
|2 rdacontent
|
| 337 |
|
|
|a computer
|b c
|2 rdamedia
|
| 338 |
|
|
|a online resource
|b cr
|2 rdacarrier
|
| 362 |
1 |
|
|a Print began with: Vol. 1 (jan./março 1964).
|
| 500 |
|
|
|a Description based on: Volume 36, number 4 (Oct./Dec. 1999); title from issue table of contents (SciELO, viewed Oct. 4, 2004).
|
| 538 |
|
|
|a Mode of access: World Wide Web.
|
| 546 |
|
|
|a Portuguese and English; abstracts of articles in both languages.
|
| 550 |
|
|
|a Official publication of the Instituto Brasileiro de Estudos e Pesquisas de Gastroenterologia, Col ́eg io Brasileiro de Cirurgia Digestiva, Sociedade Brasileira de Motilidade Digestiva.
|
| 500 |
|
|
|a Electronic resource.
|
| 650 |
|
0 |
|a Gastroenterology
|v Periodicals.
|
| 650 |
|
2 |
|a Gastroenterology
|v Periodicals.
|
| 710 |
2 |
|
|a Instituto Brasileiro de Estudos e Pesquisas de Gastroenterologia.
|
| 710 |
2 |
|
|a Col ́eg io Brasileiro de Cirurgia Digestiva.
|
| 710 |
2 |
|
|a Sociedade Brasileira de Motilidade Digestiva.
|
| 776 |
0 |
8 |
|i Print version:
|t Arquivos de gastroenterologia
|x 0004-2803
|w (DLC)sc 82002044
|w (OCoLC)2257765
|
| 948 |
|
|
|a cataloged
|b h
|c 2004/9/14
|d c
|e rstovall5
|f 2:30:25 pm
|
| 994 |
|
|
|a E0
|b TXA
|
| 999 |
|
|
|a MARS
|
| 999 |
f |
f |
|s edb9a39d-d3ce-31e4-9335-626113cecfb8
|i c13a50a3-1ae9-3071-998d-785879796fdd
|t 0
|
| 952 |
f |
f |
|a Texas A&M University
|b College Station
|c Electronic Resources
|d Available Online
|t 0
|e RC799 .A77
|g Electronic
|h Library of Congress classification
|
| 998 |
f |
f |
|a RC799 .A77
|t 0
|l Available Online
|